| 000 | 01006nam a22002775a 4500 | ||
|---|---|---|---|
| 005 | 20201128021326.0 | ||
| 008 | 080822t2014 enka frb 001 0 eng d | ||
| 020 | _a1292039604 | ||
| 020 | _a9781292039602 | ||
| 040 |
_aEG-ScBUE _beng _cEG-ScBUE _dEG-ScBUE |
||
| 082 | 0 | 4 |
_a005.117 _bASH _222 |
| 100 | 1 |
_aAshrafi, Noushin. _934881 |
|
| 245 | 1 | 0 |
_aObject oriented system analysis and design / _cNoushin Ashrafi, Hessam Ashrafi. |
| 250 | _a1st ed., Pearson new international ed. | ||
| 260 |
_aHarlow : _bPearson Education Limited, _cc.2014. |
||
| 300 |
_aii, 631 p. : _bill. ; _c26 cm. |
||
| 500 | _aIndex : p. 621-631. | ||
| 504 | _aIncludes bibliographical references. | ||
| 650 | 7 |
_aObject-oriented programming (Computer science) _92658 _2BUEsh |
|
| 650 | 7 |
_aComputer software _xDevelopment. _911535 _2BUEsh |
|
| 650 | 7 |
_aSystem design. _9733 _2BUEsh |
|
| 651 | _2BUEsh | ||
| 653 |
_bCOMSCI _cJanuary2014 _cSeptember2015 _cNovember2016 |
||
| 700 | 1 |
_aAshrafi, Hessam. _934882 |
|
| 942 |
_2ddc _k005.117 ASH |
||
| 999 |
_c19835 _d19807 |
||